Skład Lecha Poznań 2021/22 - Statystyki

Ogólne statystyki
  • Ten quiz został rozwiązany 608 razy
  • Średni wynik to 19 z 32
Statystyki odpowiedzi
Pozycja Zawodnik % Poprawnych
BR Filip Bednarek
97%
ŚN Mikael Ishak
94%
ŚO Bartosz Salamon
85%
PN Michał Skóraś
85%
BR Mickey van der Hart
81%
ŚO Antonio Milić
80%
LN Jakub Kamiński
80%
ŚPO Joao Amaral
80%
PO Joel Pereira
77%
LO Pedro Rebocho
77%
ŚO Lubomir Satka
75%
ŚP Radosław Murawski
70%
ŚPO Filip Marchwiński
69%
PO Alan Czerwiński
68%
LO Barry Douglas
68%
PN Adriel Ba Loua
67%
ŚP Pedro Tiba
65%
ŚPD Jesper Karlstrom
64%
ŚN Artur Sobiech
63%
ŚPD Nika Kvekveskiri
61%
BR Miłosz Mleczko
60%
BR Bartosz Mrozek
52%
ŚPO Dani Ramirez
51%
ŚO Mateusz Skrzypczak
37%
ŚP Antoni Kozubal
32%
ŚO Thomas Rogne
32%
ŚN Norbert Pacławski
30%
LO Krystian Palacz
21%
ŚN Filip Wilak
17%
PO Filip Borowski
16%
ŚN Roko Baturina
16%
PN Tymoteusz Klupś
14%
Nie znaleziono quizów pasujących do podanych kryteriów
Rozkład punktacji
Procent ludzi z każdym wynikiem
Percentyl według liczby udzielonych odpowiedzi
Twoja historia wyników
Nie rozwiązałeś tego quizu